000 00299nam a2200133 a 4500
008 110105s |||| d
245 1 0 _aO výchove a vzdelávaní
100 1 _aMarx, K.
700 1 _aEngels, F.
260 _bSPN
_aBratislava
020 _c22,30
044 _axo
_cSK
041 _aslo
999 _c15489
_d15489